Нейтринный детектор ИФВЭ-ОИЯИ на нейтринных пучках ускорителя У-70 (Протвино); Приборы и техника эксперимента; № 3

Bibliografische gegevens
Parent link:Приборы и техника эксперимента/ Российская академия наук.— , 1956-.— 0032-8162
№ 3.— 2003.— с. 20-48
Andere auteurs: Барабаш Л. С., Баранов С. А., Батусов Ю. А., Бунятов С. А., Валуев В. Ю., Голутвин И. А., Денисов О. Ю., Казаринов М. Ю., Карев А. Г., Климов О. Л., Краснопёров А. В., Нефёдов Ю. А., Попов Б. А., Прахов С. Н., Снятков В. И., Терещенко В. В., Аникеев В. Б., Бирюков В. В., Божко Н. И., Борисов А. А., Вовенко А. С., Горячев В. Н., Дунайцев А. Ф., Кирсанов М. М., Кожин А. С., Липаев В. В., Мухин А. И., Мухин С. А., Рыченков В. Н., Саломатин Ю. И., Сидоров А. В., Тумаков В. Л., Фахрутдинов Р. М., Черниченко С. К., Шестерманов К. Е., Blumlein J., Brunner J., Grabosch H. J., Harder U., Kostka P., Lange W., Nowak S., Ryseck H. E., Striering C., Walter M., Wegner P., Kiss D., Yaki Z.
Taal:Russisch
Gepubliceerd in: 2003
Reeks:Техника ядерного эксперимента
Onderwerpen:
Formaat: Hoofdstuk
KOHA link:https://koha.lib.tpu.ru/cgi-bin/koha/opac-detail.pl?biblionumber=427176

MARC

LEADER 00000naa2a2200000 4500
001 427176
005 20231101074626.0
035 |a (RuTPU)RU\TPU\prd\86300 
035 |a RU\TPU\prd\17092 
090 |a 427176 
100 |a 20100903a2003 k y0rusy50 ca 
101 0 |a rus 
102 |a RU 
200 1 |a Нейтринный детектор ИФВЭ-ОИЯИ на нейтринных пучках ускорителя У-70 (Протвино)  |f Л. С. Барабаш, С. А. Баранов, Ю. А. Батусов и др. 
225 1 |a Техника ядерного эксперимента 
320 |a Библиогр.: 68 назв. 
461 1 |0 (RuTPU)RU\TPU\prd\300  |x 0032-8162  |t Приборы и техника эксперимента  |f Российская академия наук  |d 1956- 
463 1 |0 (RuTPU)RU\TPU\prd\86298  |t № 3  |v с. 20-48  |d 2003 
610 1 |a детекторы 
610 1 |a нейтринные пучки 
610 1 |a ускорители 
610 1 |a нейтринные детекторы 
610 1 |a экспериментальные установки 
610 1 |a сбор данных 
610 1 |a программное обеспечение 
610 1 |a системы сбора 
701 1 |a Барабаш  |b Л. С. 
701 1 |a Баранов  |b С. А. 
701 1 |a Батусов  |b Ю. А. 
701 1 |a Бунятов  |b С. А. 
701 1 |a Валуев  |b В. Ю. 
701 1 |a Голутвин  |b И. А. 
701 1 |a Денисов  |b О. Ю. 
701 1 |a Казаринов  |b М. Ю. 
701 1 |a Карев  |b А. Г. 
701 1 |a Климов  |b О. Л. 
701 1 |a Краснопёров  |b А. В. 
701 1 |a Нефёдов  |b Ю. А. 
701 1 |a Попов  |b Б. А. 
701 1 |a Прахов  |b С. Н. 
701 1 |a Снятков  |b В. И. 
701 1 |a Терещенко  |b В. В. 
701 1 |a Аникеев  |b В. Б. 
701 1 |a Бирюков  |b В. В. 
701 1 |a Божко  |b Н. И. 
701 1 |a Борисов  |b А. А. 
701 1 |a Вовенко  |b А. С. 
701 1 |a Горячев  |b В. Н. 
701 1 |a Дунайцев  |b А. Ф. 
701 1 |a Кирсанов  |b М. М. 
701 1 |a Кожин  |b А. С. 
701 1 |a Липаев  |b В. В. 
701 1 |a Мухин  |b А. И. 
701 1 |a Мухин  |b С. А. 
701 1 |a Рыченков  |b В. Н. 
701 1 |a Саломатин  |b Ю. И. 
701 1 |a Сидоров  |b А. В. 
701 1 |a Тумаков  |b В. Л. 
701 1 |a Фахрутдинов  |b Р. М. 
701 1 |a Черниченко  |b С. К. 
701 1 |a Шестерманов  |b К. Е. 
701 1 |a Blumlein  |b J. 
701 1 |a Brunner  |b J. 
701 1 |a Grabosch  |b H. J. 
701 1 |a Harder  |b U. 
701 1 |a Kostka  |b P. 
701 1 |a Lange  |b W. 
701 1 |a Nowak  |b S. 
701 1 |a Ryseck  |b H. E. 
701 1 |a Striering  |b C. 
701 1 |a Walter  |b M. 
701 1 |a Wegner  |b P. 
701 1 |a Kiss  |b D. 
701 1 |a Yaki  |b Z. 
801 1 |a RU  |b 63413507  |c 20030908  |g PSBO 
801 2 |a RU  |b 63413507  |c 20100906  |g RCR 
942 |c BK